Community based mental helathcare for psychosis: from homelessness to recovery and continued in home support (Record no. 1229298)

MARC details
000 -LEADER
fixed length control field 00767nam a2200229Ia 4500
005 - DATE AND TIME OF LATEST TRANSACTION
control field 20241129111201.0
008 - FIXED-LENGTH DATA ELEMENTS--GENERAL INFORMATION
fixed length control field 241129s9999||||xx |||||||||||||| ||und||
020 ## - INTERNATIONAL STANDARD BOOK NUMBER
International Standard Book Number 978-1-032-11463-7
037 ## - SOURCE OF ACQUISITION
Stock number TB
040 ## - CATALOGING SOURCE
Original cataloging agency CRL
Language of cataloging eng
Transcribing agency CRL
041 ## - LANGUAGE CODE
Language code of text/sound track or separate title eng
Source of code eng
084 ## - COLON CLASSIFICATION NUMBER
Classification number Y771:(L) R3
Assigning agency CRL
100 ## - MAIN ENTRY--PERSONAL NAME
Personal name Dierinck Peter Au.
9 (RLIN) 723566
245 #0 - TITLE STATEMENT
Title Community based mental helathcare for psychosis: from homelessness to recovery and continued in home support
Statement of responsibility, etc. Dierinck Peter Au.
260 ## - PUBLICATION, DISTRIBUTION, ETC.
Place of publication, distribution, etc. London, UK
Name of publisher, distributor, etc. Routledge
Date of publication, distribution, etc. 2023
300 ## - PHYSICAL DESCRIPTION
Extent v,192p.
365 ## - TRADE PRICE
Price type code UKP
Price amount 29.99
490 ## - SERIES STATEMENT
Series statement International society for psychological and social approachesto psychosis book series
650 ## - SUBJECT ADDED ENTRY--TOPICAL TERM
Topical term or geographic name entry element Sociology
942 ## - ADDED ENTRY ELEMENTS (KOHA)
Koha item type Textbook
Classification part Y771:(L) R3
Holdings
Withdrawn status Lost status Damaged status Not for loan Home library Current library Date acquired Source of acquisition Cost, normal purchase price Inventory number Total Checkouts Full call number Barcode Date last seen Price effective from Koha item type
        Central Library Central Library 2024-11-29 Classic Book Service 29.99 2215 & 08/12/2023   Y771:(L) R3 CL1680098 2024-11-29 2024-11-29 Textbook
Copyright @ Delhi University Library System